| 000 | 01572nam a2200397 c 4500 | ||
|---|---|---|---|
| 003 | BLK | ||
| 005 | 20250124111533.0 | ||
| 008 | 180408b bul|||||r ||||||| ||bul|| | ||
| 010 | _aKNG00067881000 | ||
| 040 | _aBLK | ||
| 041 |
_aBUL _cBUL |
||
| 080 |
_aМузиканти-творци, композитори _b78.071.1 _x(497.2)(092) _z78.071.1(497.2)(092) |
||
| 080 |
_aБългарски композитор _b929 Стайнов, Петко Груев _x _z929 Стайнов, Петко Груев |
||
| 100 | 1 |
_aБогданов, Антон _eпърви автор _9291538 |
|
| 139 |
_aБогданов, Антон _bС 62 |
||
| 245 | 1 | 0 |
_aПетко Стайнов _cАнтон Богданов. |
| 257 | _aBGR | ||
| 260 |
_аСофия _c1952 |
||
| 300 |
_a24 с. _c17 см |
||
| 380 | _a7 | ||
| 490 | 1 | _aВ помощ на слушателя | |
| 500 | _aИзд. на КНИК и Софийска държ. филхармония. | ||
| 600 | 0 |
_aСтайнов, Петко Груев _d(1896-1977) _gБълг. композитор _9376683 |
|
| 650 | 4 |
_aКомпозитори, български - биографии _9261390 |
|
| 650 | 4 |
_aСтайнов, Петко Груев _9291539 |
|
| 653 | _aПетко Стайнов | ||
| 653 | _aбългарски композитори | ||
| 653 | _aбиографии | ||
| 653 | _aБългария | ||
| 852 | _aЦб І 12698 | ||
| 856 | 4 |
_qpdf _u |
|
| 856 | 4 |
_qpdf _u |
|
| 942 |
_cKNG _n0 |
||
| 944 |
_aCR _c24.08.2006 _k30550 _lКети Илиева |
||
| 944 |
_aED _c06.06.2012 _k |
||
| 999 |
_c63641 _d63641 |
||